00210nam a2200085Ia 4500008004100000100001600041245004700057260001100104260000900115170617s9999 xx 000 0 und d aShreevani r 0aquestion bank Mental Health for UG student bJaypee c2010